000 00966nab a22002177a 4500
999 _c5821
_d5821
003 OSt
005 20260107120012.0
008 190514b xxu||||| |||| 00| 0 spa d
040 _cPJ
100 _96728
_aDi Pietro, Ana Candelaria
245 1 0 _aCuidados y alimentos de niños, niñas y adolescentes desde una mirada de derechos humanos y de género /
_cAna Candelaria Di Pietro.
300 _ap. 31-46
505 _aSumario: I. Introducción.— II. El cuidado como derecho humano.— III. Nivel de vida adecuado como derecho humano.— IV. Responsabilidad del Estado. Conclusiones provisorias.
505 _tSi te interesa el texto, comunicate a koha@justierradelfuego.gov.ar
650 0 _9967
_aDERECHO DE FAMILIA
650 0 _9614
_aDERECHOS HUMANOS
650 0 _9968
_aALIMENTOS
650 0 _94044
_aPERSPECTIVA DE GÉNERO
773 0 _02844
_93222
_dBuenos Aires : AbeledoPerrot, 1989-
_tDerecho de familia. N° 118 - Marzo 2025
_z18511201
942 _2udc
_cANA